000 00934nam a2200217 i 4500
001 33979
003 ES-MaACL
005 20250712032630.0
007 t|
008 030203q1910 sp ||||1| spa d
100 1 _aBlasco Ibáñez, Vicente,
_d1867-1928
_929388
245 1 0 _aLuna Benamor
_b: novela /
_cVicente Blasco Ibáñez.
260 _aValencia :
_bF. Sempere y Cía.,
_c[1910?]
300 _a262 p. ;
_c18 cm.
505 0 _aLuna Benamor (novela). Cuentos: Un hallazgo ; El último león ; El lujo ; La rabia ; El sapo ; Compasión. Bocetos y apuntes: El amor y la muerte ; La vejez ; La madre tierra ; Rosas y ruiseñores ; La casa del labrador
530 _aDisponible en formato digital.
852 _aES-MaACL
_jB-2647
_cSPB
_zRevisado enlace: 5 de junio de 2025
856 4 _uhttp://bdh-rd.bne.es/viewer.vm?id=0000140059&page=1
_yBiblioteca Digital Hispánica
942 _2udc
999 _c33979
_d33979